|
|
|
|
| LEADER |
00000nab a2200000 ar4500 |
| 001 |
vtls010169370 |
| 003 |
SK-MaSNL |
| 005 |
20260303192610.0 |
| 008 |
100917c2010 xo wr|p|||||||000 b|slo |
| 038 |
|
|
|a PPPK
|
| 040 |
|
|
|a PPPKCL
|b slo
|c PPPKCL
|e AACR2
|
| 041 |
0 |
|
|a slo
|
| 044 |
|
|
|a xo
|c SK
|
| 080 |
|
|
|a 796.325.093.42
|2 2001
|
| 245 |
0 |
0 |
|a V sobotu šampionát veteránov
|c [autor] (sša)
|
| 610 |
2 |
7 |
|a MŠK Kežmarok
|2 pppkcl
|9 1037375
|
| 610 |
2 |
7 |
|a Základná škola Nižná brána (Kežmarok, Slovensko)
|2 pppkcl
|9 57000
|
| 611 |
2 |
7 |
|a Medzinárodné majstrovstvá SR veteránov mužov a žien vo volejbale
|n (14. :
|d 2010 :
|c Kežmarok, Slovensko)
|2 pppkcl
|9 1223124
|
| 648 |
|
7 |
|a 14.8.2010
|2 pppkcl
|9 1100923
|
| 650 |
0 |
7 |
|a volejbal
|2 pppkcl
|9 3294
|
| 650 |
0 |
7 |
|a medzinárodné turnaje
|2 pppkcl
|9 29356
|
| 651 |
|
7 |
|a Kežmarok (Slovensko)
|2 pppkcl
|9 26808
|
| 773 |
0 |
|
|t Podtatranské noviny
|g Roč. LI, č. 33 (2010), s. 7
|x 1210-2423
|
| 852 |
|
|
|a PPPK
|b KIS3GCP
|
| 999 |
|
|
|c 2147302
|d 2149232
|